• 首页
  • 本馆介绍
  • 公告通知
  • 最新文献
  • 馆藏检索
  • 电子资源
  • 读者导购
  • 参考咨询
  • 我的图书馆
  • 登录
  • 详细信息显示
  • 放入我的书架
  • 预约/预借图书
  • 作者相关作品
  • 分类相关作品
  • 丛书相关作品
  • 出版社相关作品

书目信息

  • 表格格式
  • 工作单格式
  • 卡片格式
题名:
今日印度
    
 
作者: 杜德 著
分册: 上册  
出版信息:   世界知识社  1949
页数: 272页
开本: 20cm
丛书名:
单 册:
中图分类: D735.10
科图分类:
主题词: 政治
电子资源:
ISBN:
000 00430nam0 2200169 450
001 0760761361
005 20070925165358.18
100    @a20070925d1949 km y0chiy0120 ea
101 0  @achi
200 1  @a今日印度@Ajin ri yin du@h上册@f杜德著@Fdu de zhu
210    @c世界知识社@d1949
215    @a272页@d20cm
606 0  @a政治
690    @aD735.10@v3
701  0 @a杜德@Adu de@4著
801  0 @aCN@bPFT@c20070925
905    @a10447@dD735.10@e337:1
    
    今日印度.上册/杜德著.-世界知识社,1949
    272页;20cm
    
    
    ISBN :
    
●
相关链接 在E读中查询图书 在五车中查询图书 在当当中查询图书 在豆瓣中查询图书


正题名:今日印度     索取号:D735.10/337:1         预约/预借

序号 登录号 条形码 馆藏地/架位号 状态 备注
1 0609646   206096464   第一样本阅览室/ [索取号:D735.10/337:1] 在馆    
唐山师范学院图书馆 欢迎您!
大连网信软件有限公司© 版权所有